| 000 | 00997nas a2200337 4500 | ||
|---|---|---|---|
| 001 | BR8903861 | ||
| 003 | BR-BrBNA | ||
| 005 | 20231205091640.0 | ||
| 007 | ta | ||
| 008 | 230509b bl.|||p| |||| 00| 00por d | ||
| 040 |
_aBR-BrBNA _bpor _cBiblioteca Nacional de Agricultura |
||
| 041 | _a(Pt) | ||
| 072 | _aF04 | ||
| 100 | 1 | _aSores, E. | |
| 100 | 1 | _aKimoto, T. | |
| 100 | 1 | _aConceicao, F.A.D. | |
| 100 | 1 | _aLima, L.A. | |
| 100 | 1 | _aKurozawa, C. | |
| 100 | 1 | _aNakagawa, J. | |
| 100 | 1 | _aBoaretto, A.E. | |
| 245 | 1 | _aAdubacao mineral do tomateiro (cv. Petromech). 4. Efeito do calcario e da adubacao potassica em latossol vermelho-amarelo, textura media | |
| 650 | _aTOMATE | ||
| 650 | _aADUBACAO | ||
| 650 | _aFERTILIZANTE | ||
| 650 | _aCALCARIO | ||
| 650 | _aPOTASSIO | ||
| 650 | _aLATOSSOLO VERMELHO AMARELO | ||
| 773 | 0 |
_tCientifica (Brazil) _xISSN 0100-0039 _g(1986), v. 14(1-2) p. 151-158 _wBR8903861 |
|
| 909 |
_a202311 _bLúcia _c55 _dLúcia Elande |
||
| 942 |
_2AGRIS _n0 _cANA |
||
| 999 |
_c126425 _d126425 |
||